000 00752nam a22002057a 4500
999 _c20178
_d20178
003 AR-CdUCM
008 190527b ||||| |||| 00| 0 spa d
040 _aMUNICIPALIDAD PROVINCIAL DEL CUSCO
_cBIBLIOTECA MUNICIPAL DEL CUSCO
082 _a912 /
_bAT87
_22ed.
110 _aAtlas Medio Universal y de España
_942184
245 _aAtlas medio universal y de España /
260 _aMadrid :
_bAguilar,
_c1957.
300 _a92 páginas ;
_bIlustraciones a colores
_c30 cm.
505 _aContenido: Geografía matemática -- Geografía física -- Geografía regional -- España general...
650 _aGeografía
_9318
650 _aGeografía española
_942185
650 _aGeografía continental
_942186
942 _2ddc
_cLIBROS
945 _aAndy